000 01198cam a2200313 a 4500
999 _c28779
_d28779
001 1561405
005 20170321092822.0
008 920923s1993 maua b 001 0 eng
010 _a 92036954
020 _a0262071479
040 _aDLC
_cDLC
_dDLC
043 _an-us---
050 0 0 _aNX180.S6
_bG69 1993
082 0 0 _a700
_220
100 1 _aGraham, Dan,
_d1942-
245 1 0 _aRock my religion, 1965-1990 /
_cDan Graham ; edited by Brian Wallis.
260 _a[Cambridge, Mass. :
_bMIT Press,
_cc1993]
300 _axx, 328 p. :
_bill. ;
_c28 cm.
504 _aIncludes bibliographical references and index.
650 0 _aArts and society
_zUnited States
_xHistory
_y20th century.
650 0 _aConceptual art
_zUnited States.
650 0 _aPostmodernism
_zUnited States.
700 1 _aWallis, Brian,
_d1953-
906 _a7
_bcbc
_corignew
_d1
_eocip
_f19
_gy-gencatlg
942 _2lcc
_cBOOKS